|
|
|
|
| LEADER |
00000cam a2200000 7i4500 |
| 001 |
0000029009 |
| 005 |
20201105.0 |
| 008 |
201105 my a may |
| 040 |
|
|
|a INS
|b eng
|c INS
|e rda
|
| 090 |
0 |
0 |
|a S372
|
| 110 |
2 |
|
|a Simposium Pembantu Penilaian
|n VII
|k 2019
|c INSPEN, Bangi
|
| 245 |
1 |
0 |
|a [Kertaskerja - kertaskerja Simposium Pembantu Penilaian Ke-VII diadakan pada 14 - 16 Oktober 2019 di Institut Penilaian Negara, Bangi
|
| 264 |
|
0 |
|a Bangi :
|b Institut Penilaian Negara
|c 2019
|
| 300 |
|
|
|a 1v. (Mukasurat pelbagai) :
|b illustration ;
|c 30cm.
|
| 336 |
|
|
|a text
|2 rdacontent
|
| 337 |
|
|
|a unmediated
|2 rdamedia
|
| 338 |
|
|
|a volume
|2 rdacarrier
|
| 500 |
|
|
|a Anjuran Institut Penilaian Negara dan Jabatan Penilaian dan Perkhidmatan Harta, Kementerian Kewangan Malaysia
|
| 650 |
|
0 |
|a Pembantu Penilaian
|x Congresses
|
| 710 |
1 |
|
|a Institut Penilaian Negara
|
| 710 |
1 |
|
|a Kementerian Kewangan ,
|c Jabatan Penilaian dan Perkhidmatan Harta ,
|c Institut Penilaian Negara
|
| 999 |
|
|
|a S000000991
|b BOOK
|c Seminar
|e Default branch
|